|
|
|
|
| LEADER |
01821nam a2200445 i 4500 |
| 001 |
EBC3238229 |
| 003 |
MiAaPQ |
| 005 |
20200520144314.0 |
| 006 |
m o d | |
| 007 |
cr cnu|||||||| |
| 008 |
140516t20142014hiu ob 001 0 eng d |
| 020 |
|
|
|z 9781623200381
|
| 020 |
|
|
|a 9781623200572
|q (electronic bk.)
|
| 035 |
|
|
|a (MiAaPQ)EBC3238229
|
| 035 |
|
|
|a (Au-PeEL)EBL3238229
|
| 035 |
|
|
|a (CaPaEBR)ebr10867114
|
| 035 |
|
|
|a (CaONFJC)MIL618875
|
| 035 |
|
|
|a (OCoLC)923762386
|
| 040 |
|
|
|a MiAaPQ
|b eng
|e rda
|e pn
|c MiAaPQ
|d MiAaPQ
|
| 043 |
|
|
|a a-cc---
|
| 050 |
|
4 |
|a HC427.95
|b .Z436 2014
|
| 082 |
0 |
|
|a 330.951
|2 23
|
| 100 |
1 |
|
|a Zhang, Joe,
|e author.
|
| 245 |
1 |
0 |
|a Party man, company man :
|b is China's state capitalism doomed? /
|c Joe Zhang.
|
| 264 |
|
1 |
|a Honolulu, Hawaii :
|b Enrich Professional Publishing,
|c 2014.
|
| 264 |
|
4 |
|c 2014
|
| 300 |
|
|
|a 1 online resource (256 pages)
|
| 336 |
|
|
|a text
|2 rdacontent
|
| 337 |
|
|
|a computer
|2 rdamedia
|
| 338 |
|
|
|a online resource
|2 rdacarrier
|
| 504 |
|
|
|a Includes bibliographical references and index.
|
| 588 |
|
|
|a Description based on online resource; title from PDF title page (ebrary, viewed May 16, 2014).
|
| 590 |
|
|
|a Electronic reproduction. Ann Arbor, MI : ProQuest, 2015. Available via World Wide Web. Access may be limited to ProQuest affiliated libraries.
|
| 650 |
|
0 |
|a Capitalism
|z China.
|
| 651 |
|
0 |
|a China
|x Economic policy
|y 2000-
|
| 651 |
|
0 |
|a China
|x Economic conditions
|y 2000-
|
| 655 |
|
4 |
|a Electronic books.
|
| 776 |
0 |
8 |
|i Print version:
|a Zhang, Joe.
|t Party man, company man : is China's state capitalism doomed?
|d Honolulu, Hawaii : Enrich Professional Publishing, c2014
|h xix, 234 pages
|z 9781623200381
|
| 797 |
2 |
|
|a ProQuest (Firm)
|
| 856 |
4 |
0 |
|u https://ebookcentral.proquest.com/lib/matrademy/detail.action?docID=3238229
|z Click to View
|